Quizzes
Events
Quiz Creation
Community
Videos
Private Events
Remove Ads
Sign In
Join for FREE
Feedback
Dark Mode
Quiz Categories
Sports
Geography
Music
Movies
Television
Just For Fun
Miscellaneous
History
Literature
Language
Science
Gaming
Entertainment
Religion
Holiday
For Kids
Quiz Lab
Recent
Popular Today
Quiz Kudos Today
Editor Picks
Curator Picks
Quizzes by...
Day
Popularity
Type
Ratings
Length
Year
Community
Subscriptions
Recent Discussions
Orange Saloon
Badges
Playlists
Quests
Create
Leaderboards
Showdown
Live 5
Trivia Bingo
Activity
Puzzle Library
Sporcle Events
Private Events
Virtual Trivia
Globe League
Become a Host
Pub Owners
SporcleCon
Opinionation
Our Games
Videos
Blog
Mobile Apps
Partnerships
Remove Ads and Go Orange
Feedback
Music
Pop Music
The Beatles
Song
Album
Lyrics
Bands
Singers
Artist
Clip
Rock
Rap
Classical
Billboard
Country Music
Kpop
Taylor Swift
Music
Pop Music
The Beatles
Song
Album
Lyrics
Bands
Singers
Artist
Clip
Rock
Rap
Classical
Billboard
Country Music
Kpop
Taylor Swift
Random Quiz
Search Sporcle
×
Quiz Lab
Quiz Lab
Music
Discography
Type in answers that appear in a list
Type in answers that appear in a list
Classic
Best Score? Go Orange.
Justin Bieber Discography Stats
Can you name the Justin Bieber Discography?
By
Cyrusvuitton
20m
183 Questions
342 Plays
342 Plays
342 Plays
Comments
Comments
Give Quiz Kudos
Give Quiz Kudos
-
- Ratings
hide this ad
Replay
Link that replays current quiz
Next Quiz
Link to next quiz in quiz playlist
You Got
0%
They Got
Avg Score
47%
Avg Friend Score
Upgrade to see
Score Distribution
Jump to the score distribution portion of the page
Score
0/183
Timer
20:00
0
Plays Today
Hint
Answer
% Correct
My World 2.0
Baby
93.5%
My World
One Time
86.8%
My World
One Less Lonely Girl
86.5%
Under The Mistletoe
Mistletoe
85%
My Worlds Acoustic
Never Say Never
84.5%
Believe
Boyfriend
84.2%
Believe
Believe
81.8%
Purpose
Purpose
81.5%
My World
Love Me
80.6%
Purpose
Sorry
80.4%
Justice
Somebody
79.2%
Believe
As Long As You Love Me
79.2%
My World 2.0
Somebody To Love
78.6%
Believe
Beauty And A Beat
78.3%
Purpose
Love Yourself
77.7%
Purpose
What Do You Mean?
77.1%
My World
Down To Earth
76.8%
Changes
Changes
76.4%
Believe
Maria
75.4%
My World 2.0
U Smile
74.5%
My World
Favorite Girl
73.9%
Journals
Confident
73.9%
My World
Bigger
73.3%
My World 2.0
That Should Be Me
73.3%
My World 2.0
Eenie Meenie
73%
Changes
Yummy
72.6%
Justice
Peaches
72.6%
Justice (Bonus Tracks)
Hailey
72.6%
Believe
All Around The World
72.6%
My World
First Dance
71.8%
My World 2.0
Up
71.8%
Journals
All That Matters
71.6%
F*CK LOVE 3+: OVER YOU
Stay
71.1%
My World 2.0
Where Are You Now
70.7%
Purpose
I'll Show You
70.7%
Purpose
Children
70.7%
Purpose
Company
70.4%
Purpose
No Sense
70.4%
Justice
Holy
69.8%
Justice
Ghost
69.8%
Purpose
Mark My Words
69.5%
My World 2.0
Overboard
68.9%
My Worlds Acoustic
Pray
68.9%
Under The Mistletoe
Pray
68.9%
Purpose
No Pressure
68.9%
Purpose
The Feeling
68.9%
Journals
Heartbreaker
68.6%
My World 2.0
Never Let You Go
68.3%
Under The Mistletoe
All I Want For Christmas Is You
68.3%
#willpower
That Power
68.3%
Journals
Roller Coaster
68%
Justice
Anyone
67.9%
Purpose
Life Is Worth Living
67.7%
Justice
Lonely
67%
My World 2.0
Runaway Love
66.9%
Under The Mistletoe
Fa La La
66.9%
My World 2.0
Stuck In The Moment
66.6%
Under The Mistletoe
Drummer Boy
66.6%
Single
Friends
66.6%
Believe
Right Here
66.3%
Believe Acoustic
Yellow Raincoat
66.3%
Hint
Answer
% Correct
Believe Acoustic
Nothing Like Us
65.7%
Believe
Fall
65.4%
Believe
Die In Your Arms
65.4%
Believe
She Don't Like The Lights
65.4%
Mother's Day Dedication
Turn To You
65.4%
Journals
Memphis
64.5%
My World
Common Denominator
64.2%
Changes
Intentions
64.2%
Justice
Hold On
64.2%
No.6 Collaborations Project
I Don’t Care
64%
Journals
Bad Day
63.9%
Single
Cold Water
63.9%
Journals
PYD
63.6%
Journals
Backpack
63.6%
Believe
Catching Feelings
63.3%
Believe
Take You
63.3%
Changes
All Around Me
63.2%
Justice
2 Much
63.2%
Believe
One Love
62.5%
Journals
Hold Tight
62.2%
Believe
Be Alright
61.6%
F.A.M.E.
Next To You
61.6%
Single
I'm The One
61.3%
My World 2.0
Kiss And Tell
60.1%
Freedom.
Freedom
60%
Under The Mistletoe
Santa Claus Is Coming To Town
59.8%
Believe Acoustic
I Would
59.2%
Journals
All Bad
59.2%
Journals
Flatline
59.2%
Purpose
Get Used To It
58.9%
Purpose
Been You
58.7%
Justice
As I Am
58.5%
Justice
Off My Face
58.5%
Justice
Die For You
57.5%
Justice
Loved By You
57.5%
Never Say Never: The Remixes
Born To Be Somebody
57.2%
Under The Mistletoe
Christmas Eve
56.9%
Journals
Change Me
56.9%
Journals
What's Hatnin
56.9%
Single
Despacito (Remix)
56.9%
Under The Mistletoe
Silent Night
56.6%
Journals
Recovery
56.6%
Journals
Swap It Out
56.6%
Changes
Forever
56.6%
Under The Mistletoe
The Christmas Song
56%
Single
2U
56%
Believe
Out Of Town Girl
55.7%
Single
Let Me Love You
55.7%
Justice
MLK Interlude
55.7%
Justice (Bonus Tracks)
Redeye
55.7%
Under The Mistletoe
Christmas Love
55.4%
Purpose
We Are
54.5%
Under The Mistletoe
All I Want Is You
54.3%
Changes
E.T.A.
53.8%
Believe
Love Me Like You Do
53.4%
Journals
One Life
53.4%
Purpose
Trust
53.1%
Justice
Deserve You
52.8%
Believe
Thought Of You
52.8%
Dirty Bass
Live My Life
52.5%
Changes
Come Around Me
51.9%
Hint
Answer
% Correct
Justice
Unstable
50.9%
Single
10,000 Hours
50%
Changes
Confirmation
50%
The Gold Album: 18th Dynasty
Wait For A Minute
49.9%
Changes
Second Emotion
49.1%
Wonder
Monster
49.1%
Single
Lolly
48.7%
Under The Mistletoe
Home This Christmas
48.4%
Changes
Habitual
48.1%
Believe
Fairytale
47.8%
Kiss
Beautiful
47.5%
Rodeo
Maria I'm Drunk
47.5%
Under The Mistletoe
Someday At Christmas
47.2%
Single
Stuck With U
47.2%
Purpose
All In It
46.3%
Purpose
Where Are Ü Now
46%
Justice (Triple Chucks Deluxe)
There She Go
44.4%
Changes
Running Over
44.3%
Justice
Love You Different
44.3%
Coloring Book
Juke Jam
44.3%
Changes
That's What Love Is
42.5%
Justice (Triple Chucks Deluxe)
Lifetime
42.2%
Justice (Triple Chucks Deluxe)
Name
42.2%
Changes
Get Me
41.5%
Justice (Bonus Tracks)
Angels Speak
40.6%
Trigga
Foreign (Remix)
39.9%
Under The Mistletoe
Only Thing I Ever Get For Christmas
38.7%
Remember Me
Gas Pedal
37.5%
Purpose
Home To Mama
37.2%
Purpose
Hit The Ground
36.7%
Soundcloud
Hard 2 Face Reality
35.8%
Single
Deja Vu
35.5%
Single
Bad Guy (Remix)
34.9%
Believe
Just Like Them
34.6%
Justice (Triple Chucks Deluxe)
I Can’t Be Myself
34.4%
A Long Story Short
Playtime
33.4%
Changes
Available
33%
Changes
Take It Out On Me
33%
Journals
Alone
32.8%
Justice (Triple Chucks Deluxe)
Know No Better
32.2%
Changes
At Least For Now
32.1%
Believe
Hey Girl
32%
Purpose
The Most
32%
Indigo
Don’t Check On Me
30.1%
Single
Twerk
28.2%
WeKnowTheDJ Volume 3
The Intro
26.4%
Soundcloud
Looking For You
24.9%
Justice (Triple Chucks Deluxe)
Wish You Would
24.4%
Swavey Mixtape
Wind It
23.2%
#willpower
You And Me
22%
Soundcloud
We Were Born For This
21.4%
King Of Kings
Won't Stop
21.1%
Freedom.
All She Wrote
21.1%
Freedom.
We’re In This Together
21.1%
Single
Earth
21%
Delusions of Grandeur
Love Thru the Computer
19.4%
The Greenhouse Effect Vol. 2
Actin Up
18.8%
WeKnowTheDJ Volume 4
Broken
16.4%
Freedom.
Where Do I Fit In
12.2%
Freedom.
Where You Go I Follow
11.1%
Freedom.
Afraid To Say
8.9%
Quiz Playlist
Details
Report
Send in Message
Add To Playlist
Classic:
Type in answers that appear in a list
Last Updated: Sep 25, 2017
Quiz Scoreboard
CHALLENGE
Sign Up to Join the Scoreboard
Show All
Scores
Hide
Comments
May contain spoilers
Recently Published
One Thing in Common: World Cities II
by knightlancer
Geography
7m
Popular People in 1961
by mucciniale
History
6m
1-10 Letter E Words III
by El_Dandy
Language
2m
More to Explore
Quiz From the Vault
Featured Blog Post
Where Did the Easter Bunny Come From?
hide this ad
You Might Also Like...
Tags
Bieber
Discography
justin
Justin Bieber
Today's Top Quizzes in Music
Browse Music
hide this ad
Today's Top Quizzes in Discography
Browse Discography
Top Contributed Quizzes in Music
1
Taylor Swift All Songs (2024)
2
2010s Album by Cover III
3
One Thing in Common: Music
4
Taylor Swift Logic Puzzle
5
Guess the Artist- 70s Songs
6
2010s Album by Cover IV
7
Guess the Taylor Swift song (Mystery Song)
8
2010s Album by Cover V
9
Lana Del Rey Discography (BTD to DYKTTATUOB)
10
2010s Album by Cover VI
Explore More
Trending Topics
Harry Potter
Kpop
Disney
Marvel
NBA
Anime
Crossword
The Office
Country
Puzzle
Pokémon
Soccer
WWE
Song
NFL
hide this ad
More By:
Cyrusvuitton
Quiz
Plays
Rating
Category
Featured
Created
Ariana Grande Discography
669
3.00
Music
Jun 26, 2017
Ultimate Jonas Brothers Discography
404
5.00
Music
Nov 10, 2017
Justin Bieber Discography
342
5.00
Music
Sep 16, 2017
Selena Gomez Discography
208
2.00
Music
Nov 9, 2017
The Pretty Reckless Complete Discography
170
5.00
Music
Jun 26, 2017
Go to Creator's Profile
Score Distribution
Quiz Creator Spotlight
Cyrusvuitton
Follow
Send a Message
Quizzes Created
-
Created Quiz Play Count
-
More By This Creator
Popular Quizzes Today
1
Find the US States - No Outlines Minefield
2
Find the Countries of Europe - No Outlines Minefield
3
The Countries of the World
4
Popular People in 1961
5
1-10 Letter E Words III
6
Find the US States
7
One Thing in Common: World Cities II
8
US States
More Music Quizzes
One Direction + Solo Albums Logic Puzzle
Quiz Lab
Trending Quizzes
Risky Map Clicking: Least Populous States A-Z
1-10 Letter F Words
1-10 Letter G Words
One Thing in Common: United Kingdom
Risky Map Clicking: Biggest States A-Z
Recently Updated
Leaping Animals
pecheneg
Reality TV Shows (A-Z)
bhenderson79
Rickey Henderson's Hall of Fame Teammates
pecheneg
Champions League XIs: Arsenal
pecheneg
Quick Pick: Celebrities in WWE's Hall of Fame
aduchscher
A-Z Keypad Blitz II
pecheneg
Multiple Oscar Actors
pecheneg
Mystery Phrase Blitz: Oscar 'Best Actors'
pecheneg
F. Scott Fitzgerald Novels
LTH
Pick 3 Villains
ddd62291
Trending Topics
NBA
Kpop
Disney
Anime
Marvel
Crossword
Harry Potter
The Office
Puzzle
Soccer
Country
Song
NFL
WWE
Pokémon
Your Account Isn't Verified!
In order to create a playlist on Sporcle, you need to verify the email address you used during registration. Go to your
Sporcle Settings
to finish the process.
Report this User
Report this user for behavior that violates our
Community Guidelines
.
Details:
Send Report
Go to the Sporcle.com Mobile Site →
Comments